Sports Quiz

Random Sports or Baseball Quiz
Score 0/40 Timer 05:00
2 Plays Today
Question Answer Wrong Answers
Babe George Ruth
90.3%
Lou Gehrig
0.7%
Jimmie Foxx
0.6%
Mel Ott
0.4%
Yaz Carl Yastrzemski
89.1%
Ted Williams
1%
Mo Vaughn
0.8%
Carlton Fisk
0.9%
Hammering Hank Henry Aaron
88.8%
George Ruth
0.7%
Willie Mays
0.8%
Frank Thomas
1.5%
Big Papi David Ortiz
88.2%
Mo Vaughn
1.2%
Carlton Fisk
0.8%
Dustin Pedroia
1.7%
Shoeless Joe Jackson
87.1%
Bo Jackson
2.3%
Reggie Jackson
1.1%
Joe DiMaggio
1.5%
Maz Bill Mazeroski
86.9%
Carl Yastrzemski
2.4%
Phil Rizzuto
0.8%
Mike Schmidt
1.7%
Campy Roy Campanella
84.8%
Pee Wee Reese
3.7%
Jackie Robinson
1.4%
Don Drysdale
1.7%
Junior Ken Griffey Jr
83.8%
Cal Ripken Jr
4.6%
Sandy Alomar Jr
1.6%
Tony Gwynn Jr
1.8%
Mr. October Reggie Jackson
83.5%
John Smoltz
0.9%
Derek Jeter
5.8%
Alex Rodriguez
1.8%
Say Hey Kid Willie Mays
83.3%
Willie McGee
2.5%
Willie McCovey
3.1%
Henry Aaron
3%
Big Mac Mark McGwire
83.3%
Fred McGriff
2.8%
John McGraw
4.1%
John McGinnity
1.6%
Big Unit Randy Johnson
83%
Roger Clemens
3.2%
Curt Schilling
3%
Nolan Ryan
2.5%
The Wizard Ozzie Smith
81.8%
Phil Rizzuto
4.8%
Ted Williams
3.8%
Vince Coleman
1.3%
Doc Dwight Gooden
81.4%
Matt Harvey
2.9%
Keith Hernandez
2.4%
Howard Johnson
4.9%
Big Hurt Frank Thomas
81.1%
Paul Konerko
2.2%
Carlton Fisk
3.8%
Jim Thome
4.5%
Joltin Joe Joe DiMaggio
80.5%
Joe Morgan
6.9%
Joe McCarthy
2.3%
Joe McGinnity
2%
Iron Man Cal Ripken Jr
78.5%
Cy Young
5.7%
Ted Williams
5.3%
Frank Thomas
2.4%
Catfish James Hunter
77.4%
Roland Fingers
4.6%
Dennis Eckersley
3.6%
Sandy Koufax
6.2%
Crime Dog Fred McGriff
77.2%
Joe McCarthy
4.1%
Mark McGwire
4.2%
John McGraw
6.2%
The Flyin' Hawaiian Shane Victorino
76.9%
Mike Schmidt
2.2%
Lenny Dykstra
9.9%
Steve Carlton
2.7%
Mr. Cub Ernie Banks
76%
Ryne Sandberg
8.1%
Ron Santo
3.3%
Greg Maddux
4.3%
Rocket Roger Clemens
75.8%
Nolan Ryan
8.2%
Bob Gibson
2.5%
Aroldis Chapman
5.3%
Iron Horse Lou Gehrig
74.7%
Cal Ripken Jr
10.8%
Hank Greenberg
3.2%
Bob Gibson
3.1%
The Express Nolan Ryan
74.4%
Roger Clemens
6.1%
Aroldis Chapman
4.5%
Kerry Wood
6.6%
The Man Stan Musial
73.9%
Bob Gibson
1.5%
Ted Williams
5.3%
Mickey Mantle
11.1%
The Hawk Andre Dawson
73.1%
Gary Carter
7.2%
Andres Galarraga
5.6%
Sammy Sosa
5.6%
Georgia Peach Ty Cobb
72.6%
Eddie Collins
5.1%
Honus Wagner
5.5%
Jimmie Foxx
8.3%
Flying Dutchman Honus Wagner
67.2%
Ty Cobb
7.7%
Tris Speaker
9.2%
Walter Johnson
7.4%
Pops Willie Stargell
66.6%
Roberto Clemente
9.9%
Bill Mazeroski
7.3%
Doug Drabek
7.4%
Sparky George Anderson
65.6%
Walter Alston
3.9%
Bobby Cox
8.9%
Brady Anderson
13.2%
The Big Cat Andres Galarraga
65%
Dante Bichette
7.7%
Larry Walker
11.6%
Todd Helton
6.9%
Black Jack Jack McDowell
64.7%
Jackie Robinson
14.5%
Reggie Jackson
4.1%
Bo Jackson
8.4%
Cy/Cyclone Denton Young
60.6%
Jay Dean
3.3%
Sandy Koufax
17.4%
Walter Johnson
10.3%
Lefty Robert Grove
59.6%
Jay Dean
4.3%
Don Drysdale
14.9%
Bob Gibson
12.9%
Knucksie Phil Niekro
57.5%
Joe Niekro
15%
Tim Wakefield
15.4%
Tom Candiotti
3.5%
Three Finger Mordecai Brown
57.5%
Walter Johnson
14.7%
Frank Baker
6.5%
Christy Mathewson
12.6%
Wild Thing Mitch Williams
56.5%
Rob Dibble
10.8%
Lee Smith
5.6%
Dennis Eckersley
18.7%
Mr. Baseball Bob Uecker
49.5%
Harry Caray
10.7%
Vin Scully
23%
Mel Allen
8.5%
Human Rain Delay Mike Hargrove
43.7%
Kenny Lofton
11.1%
Albert Belle
18%
Manny Ramirez
18.5%
Little Napoleon John McGraw
42.1%
Walter Alston
20.2%
George Anderson
9.4%
Joe Torre
19.4%
Remove Ads.
Support Sporcle.
Get the best of Sporcle when you Go Orange. This ad-free experience offers more features, more stats, and more fun while also helping to support Sporcle. Thank you for becoming a member.

You're not logged in!

Compare scores with friends on all Sporcle quizzes.
OR
Log In

Show Comments

Extras

Top Quizzes Today


Score Distribution

Your Account Isn't Verified!

In order to create a playlist on Sporcle, you need to verify the email address you used during registration. Go to your Sporcle Settings to finish the process.

Report this User

Report this user for behavior that violates our Community Guidelines.

Details: